000 00293nam a2200109Ia 4500
008 220216s9999 xx 000 0 und d
100 _aPakianathan S W
245 0 _aPhysiological basis for rational exploitation of Hevea yield
650 _aExploitation
700 _aAbraham P D
942 _cJS
999 _c64984
_d64984